| 000 | 00637nam a2200169 a 4500 | ||
|---|---|---|---|
| 008 | 120416s1989 ||||||||||||||||| || u | ||
| 020 | _a0205118909 | ||
| 050 | _aNA 7115 Wei | ||
| 100 | _aWeidhaas, Ernest R | ||
| 245 | 1 | 0 | _aReading architectural plans for residential and commercial construction. (3rd ed.) |
| 250 | _a3rd ed. | ||
| 260 |
_aBoston: _bAllyn and Bacon _c1989 |
||
| 300 | _axi, 241p. : ill. | ||
| 350 | _a0.00 | ||
| 650 | _aCOMMERCIAL BUILDINGS--DESIGN AND PLANS | ||
| 995 |
_D0.00 _FCBU-MAIN LIBRARY (Kitwe) _H1 _I50.30 _UAVAILABLE _ZMain Library Open Access Collection |
||
| 999 |
_c55643 _d55643 |
||